000 00513nam a2200193 a 4500
001 1770212244500
003 YourLibrary
005 20260204191113.0
008 260204s2000##################000#0#eng##
020 _a9780762306411
082 0 4 _a302.35
_bSTA.22
100 1 _aStaw, Barry M.,
_eauthor.
245 1 0 _aResearch in Organizational Behavior :
260 _bJai Press,
_c2000.
300 _a423 pages
650 0 _aBusiness & Economics.
942 _cENGLISH
040 _aYourLibrary
_beng
_cYourLibrary
999 _c610230
_d610230